| 000 | 00737cab a2200205 4500 | ||
|---|---|---|---|
| 001 | WB3336-15 | ||
| 008 | 090401t1997 xxu||||| |||| 00| 0 eng d | ||
| 035 | _a(Sirsi) u80894 | ||
| 041 | _aeng | ||
| 245 | _aRamblers must pay for right to roam | ||
| 260 | _c1997 | ||
| 350 | _a0 | ||
| 490 |
_aSunday Times _v14 September 1997, 1(1) |
||
| 520 | _aGovernment plans to allow landowners to charge ramblers for using footpaths. The fees are meant to placate landowners who will incur extra costs as a result of the `right to roam` legislation. A consultation paper is expected. | ||
| 650 | _aACCESS TO COUNTRYSIDE | ||
| 650 | _aRIGHT TO ROAM | ||
| 690 | _aHIGHWAYS RIGHTS OF WAY AND EASEMENTS | ||
| 942 | _n0 | ||
| 948 | _c16/09/1997 | ||
| 999 |
_c50942 _d50942 |
||